LEADER 04557nam 2200961 450 001 9910463811303321 005 20200520144314.0 010 $a1-60649-911-4 035 $a(CKB)2670000000571249 035 $a(EBL)1815869 035 $a(SSID)ssj0001548107 035 $a(PQKBManifestationID)16145810 035 $a(PQKBTitleCode)TC0001548107 035 $a(PQKBWorkID)14797630 035 $a(PQKB)10468737 035 $a(OCoLC)893913745 035 $a(CaBNVSL)swl00404145 035 $a(MiAaPQ)EBC1815869 035 $a(Au-PeEL)EBL1815869 035 $a(CaPaEBR)ebr10956090 035 $a(CaONFJC)MIL651368 035 $a(EXLCZ)992670000000571249 100 $a20141025d2015 fy 0 101 0 $aeng 135 $aur|n|---||||| 181 $ctxt 182 $cc 183 $acr 200 10$aLeader evolution $efrom technical expertise to strategic leadership /$fAlan Patterson 205 $aFirst edition. 210 1$aNew York, New York (222 East 46th Street, New York, NY 10017) :$cBusiness Expert Press,$d2015. 215 $a1 online resource (200 p.) 225 1 $aHuman resource management and organizational behavior collection,$x1946-5645 300 $aPart of: 2014 digital library. 311 $a1-60649-910-6 311 $a1-322-20088-2 320 $aIncludes bibliographical references (pages 167-171) and index. 327 $a1. A context for leadership development -- 2. Stage one: expertise -- 3. Stage two: credibility -- 4. Stage three: alignment and execution -- 5. Stage four: strategy -- 6. Defying gravity -- 7. Coda -- Notes -- References -- Index. 330 3 $aMost individuals who move into leadership positions experience the modern day version of trial by ordeal. It's sink or swim. To reduce the learning curve and create a more effective process, Leader Evolution describes a road map for leadership development, a series of four stages that expand personal competence as well as create a broader impact on the organization or business. Each stage requires unique changes in thinking, perspective taking, and behavior, both those needed to acquire as well as those needed to jettison. The book is a pragmatic approach for self-motived individuals to take control of their professional development by giving them the concepts, tools, techniques, and assignments to develop their leadership effectiveness where it counts the most--on the job. In addition to new and existing managers, the book is ideally suited for technical professionals and leaders in technical organizations looking to develop critical leadership behaviors distinct from technical expertise. These include individuals who are moving on a technical rather than managerial track. The broad application of concepts and techniques also makes this book appealing to organizations developing their leaders as part of broad change initiatives. While the concepts and principles are directed toward the individual for on-the-job application, the book serves as an organizational and leadership development resource for Executive MBA programs as well as a blueprint for in-house leadership development programs. 410 0$a2014 digital library. 410 0$aHuman resource management and organizational behavior collection.$x1946-5645 606 $aLeadership 608 $aElectronic books. 610 $aadaptability 610 $aalignment 610 $aanalytical thinking 610 $aauthentic leadership 610 $achange management 610 $acoaching 610 $acompetency-based 610 $acredibility 610 $aculture 610 $aemotional intelligence 610 $ahigh performance organization 610 $aleadership 610 $aleadership development 610 $aleadership style 610 $aleadership training 610 $amanagement 610 $amentor 610 $ametacognition 610 $amotivation 610 $apartnership 610 $aprofessional development 610 $astrategic 610 $astrategy 610 $astrategic thinking 610 $asuccession planning 610 $atalent development 610 $atalent management 610 $ateamwork 610 $atechnical leadership 610 $atraining 615 0$aLeadership. 676 $a658.4092 700 $aPatterson$b Alan.$0963582 801 0$bMiAaPQ 801 1$bMiAaPQ 801 2$bMiAaPQ 906 $aBOOK 912 $a9910463811303321 996 $aLeader evolution$92184826 997 $aUNINA LEADER 05106nam 2200589 450 001 9910820286103321 005 20200520144314.0 010 $a1-118-87842-6 010 $a1-118-87875-2 010 $a1-118-87869-8 035 $a(CKB)2670000000494164 035 $a(EBL)1575634 035 $a(OCoLC)864899296 035 $a(MiAaPQ)EBC1575634 035 $a(Au-PeEL)EBL1575634 035 $a(CaPaEBR)ebr10814446 035 $a(CaONFJC)MIL550386 035 $a(OCoLC)865333232 035 $a(PPN)22413499X 035 $a(EXLCZ)992670000000494164 100 $a20131211d2014 uy 0 101 0 $aeng 135 $aur|n|---||||| 181 $2rdacontent 182 $2rdamedia 183 $2rdacarrier 200 10$aHandbook of cellulosic ethanol /$fAnanda S. Amarasekara 210 1$aHoboken, New Jersey :$cWiley,$d2014. 210 4$dİ2014 215 $a1 online resource (604 p.) 300 $aDescription based upon print version of record. 311 $a1-118-23300-X 320 $aIncludes bibliographical references and index. 327 $aCover; Title Page; Copyright Page; Contents; Preface; Part 1 Introduction to Cellulosic Ethanol; 1 Renewable Fuels; 1.1 Introduction; 1.2 Renewable Energy; 1.3 Biofuels; 1.3.1 Advantages of Biofuels; 1.3.2 Gaseous Biofuels; 1.3.3 Liquid Biofuels; 1.4 Renewable Energy in the United States; 1.4.1 Federal Agencies Promoting Renewable Energy; 1.4.2 Incentives for Renewable Fuels; 1.5 Renewable Fuel Legislature in the United States; 1.5.1 Renewable Fuel Standards of Energy Independence and Security Act of 2007; 1.5.2 US EPA 2013 Renewable Fuel Standards; References 327 $a2 Bioethanol as a Transportation Fuel2.1 Introduction - History of Bioethanol as a Transportation Fuel; 2.2 Alcohol Fuels; 2.3 Fuel Characteristics of Ethanol; 2.3.1 Disadvantages of Ethanol; 2.4 Corn and Sugarcane Ethanol; 2.4.1 First Generation Ethanol Production; 2.5 Advantages of Cellulosic Ethanol; References; 3 Feedstocks for Cellulosic Ethanol Production; 3.1 Introduction; 3.2 Cellulosic Ethanol Feedstock Types; 3.3 Potential of Agricultural Wastes; 3.4 Major Crop Residue Feedstock; 3.4.1 Corn Stover; 3.4.2 Wheat Straw; 3.4.3 Rice Straw; 3.4.4 Sugarcane Bagasse; 3.4.5 Barley Straw 327 $a3.5 Forestry Residue, Logging and Mill Residue3.6 Grass Feedstocks; 3.6.1 Switchgrass; 3.6.2 Miscanthus Grass; 3.6.3 Prairie Cordgrass; 3.6.4 Arundo Donax or Giant Reed; 3.6.5 Reed Canary Grass; 3.6.6 Alfalfa; 3.6.7 Other Grasses; 3.7 Purpose-Grown Trees as Feedstock; 3.7.1 Poplar; 3.7.2 Willows; 3.7.3 Pines; 3.7.4 Eucalyptus; 3.8 Municipal and Other Waste as Feedstock for Cellulosic Ethanol; 3.8.1 Municipal Waste Feedstock Utilizing Cellulosic Ethanol Plants; References; Part 2 Aqueous Phase Biomass Hydrolysis Route; 4 Challenges in Aqueous-Phase Biomass Hydrolysis Route: Recalcitrance 327 $a4.1 Introduction - Two Ways to Produce Cellulosic Ethanol4.2 Challenges in Aqueous-Phase Biomass Hydrolysis; 4.3 Structure of Plant Cells and Lignocellulosic Biomass; 4.4 Major Components of Lignocellulosic Biomass; 4.4.1 Cellulose; 4.4.2 Hemicellulose; 4.4.3 Lignin; 4.5 Cellulose Recalcitrance; References; 5 Pretreatment of Lignocellulosic Biomass; 5.1 Introduction; 5.2 Different Categories of Pretreatment Methods; 5.3 Physical Pretreatment; 5.3.1 Machinery Used in Physical Pretreatment; 5.3.2 Physical Pretreatment of Woody Biomass; 5.4 Physicochemical Pretreatment 327 $a5.4.1 Steam Explosion or Steam Pretreatment5.4.2 Liquid Hot Water (LHW) Pretreatment; 5.4.3 Ammonia-Based Pretreatments Method; 5.4.4 Ammonia Fiber/Freeze Explosion (AFEX); 5.4.5 Ammonia Recycle Percolation (ARP); 5.4.6 Soaking Aqueous Ammonia (SAA); 5.4.7 Supercritical Carbon Dioxide Pretreatment; 5.4.8 Organosolv Pretreatment; 5.4.9 Ionic Liquid (IL) Pretreatment; 5.4.10 N-Methyl Morpholine N-Oxide (NMMO) Pretreatment; 5.5 Chemical Pretreatment; 5.5.1 Aqueous Acid Pretreatment; 5.5.2 Sulfur Dioxide Pretreatment; 5.5.3 Alkaline Pretreatment Methods; 5.5.4 Lime Pretreatment 327 $a5.5.5 Aqueous Alkali Hydroxide-Based Pretreatments 330 $a The inevitable decline in petroleum reserves impacting gasoline prices, combined with climate change concerns have contributed to current interest in renewable fuels. Bioethanol is the most successful renewable transport fuel. Corn and sugarcane ethanol are currently widely used as blend-in fuels in the US, Brazil, and a few other countries; however, there are a number of major drawbacks in these first generation biofuels, such as their effect on food prices, net energy balance, and poor greenhouse gas mitigation. Alternatively, cellulosic ethanol can be produced from abundant lignocellulos 606 $aCellulosic ethanol 615 0$aCellulosic ethanol. 676 $a662.6/692 686 $aTEC031030$2bisacsh 700 $aAmarasekara$b Ananda S$01710903 801 0$bMiAaPQ 801 1$bMiAaPQ 801 2$bMiAaPQ 906 $aBOOK 912 $a9910820286103321 996 $aHandbook of cellulosic ethanol$94101843 997 $aUNINA